Who has John Cena beaten to become WWE Champion? - Statistics

General Stats
  • This quiz has been taken 5,406 times
  • The average score is 8 of 12
Answer Stats
PPV Opponent % Correct
Royal Rumble 2006 Edge
86%
Unforgiven 2006 Edge
86%
Breaking Point 2009 Randy Orton
84%
Bragging Rights 2009 Randy Orton
84%
WrestleMania 26 Batista
80%
WrestleMania 29 The Rock
78%
WrestleMania 21 JBL
77%
RAW 2011 Rey Mysterio
62%
Extreme Rules 2011 The Miz
59%
Night Of Champions 2011 Alberto Del Rio
56%
Elimination Chamber 2010 HHH
42%
Money In The Bank 2014 Alberto Del Rio, Bray Wyatt, Cesaro,Kane, Randy Orton, Roman Reigns, Sheamus
0%
No matching quizzes found
Score Distribution
Percent of People with Each Score
Percentile by Number Answered
Your Score History
You have not taken this quiz